| 000 | 01406nam a2200241 a 4500 | ||
|---|---|---|---|
| 001 | BS0003193 | ||
| 003 | BR-BrBNA | ||
| 005 | 20230418192238.0 | ||
| 008 | 230308b |||||||| |||| 00| 0 por d | ||
| 040 |
_aBR-BrBNA _bpor _cBiblioteca Nacional de Agricultura |
||
| 041 | _apor | ||
| 072 | _aB59 | ||
| 090 | _aB59 BS0003193 | ||
| 100 | 1 | _aBrasileiro, Marislei E. | |
| 245 | 1 | _aA jóia da Galiléia / | |
| 260 | 3 |
_aCatanduva, SP: _bBoa Nova Editora, _c2006. |
|
| 300 | _a221 p. | ||
| 520 | 3 | _aJesus está na Terra. Sua mensagem de amor e de paz arrebata multidões. No meio de tantos seguidores, uma pessoa especial tem contato direto com Jesus: a jovem Suzana. Inicia-se um doloroso conflito no coração de uma mulher. O que ela deveria fazer diante de tamanha dúvida? Renunciar a tudo e seguir o caminho da Verdade, arriscando a própria vida? Ou lutar pelo amor de Otávio, uma paixão intensa do passado que ressurge, agora, como general romano poderoso e influente? Mais do que um romance, A JÓIA DA GALILÉIA retrata um dos períodos mais importantes da história da humanidade: o surgimento do Cristianismo, fato que permanecerá eternamente marcado em nossos espíritos como prova de que os homens caminham, inexoravelmente, para a felicidade maior ao encontro de Deus. | |
| 650 | _aESPIRITISMO | ||
| 650 | _aLITERATURA ESPÍRITA | ||
| 909 |
_a202304 _bSergio Santos _c56 _dSergio Santos |
||
| 942 | _cBK | ||
| 999 |
_c8256 _d8256 |
||